Culture Générale - Série 2583 - Statistiques

Statistiques générales
  • Ce quiz a été pris 132 fois
  • Le résultat moyen est 7 sur 10
Statistiques - réponses
Question Réponse % Correct
Quelle est la capitale de la Lituanie ? Vilnius
93%
De quel pays Luiz Inácio Lula da Silva, plus connu sous le nom de Lula a-t-il été le président de la République de 2003 à 2011 ? Brésil
92%
Quel parc de loisirs français à thème technologique, scientifique, d'anticipation a ouvert en 1987 ? Futuroscope
88%
En quelle année a eu lieu la révolution russe, ou la chute du tsarisme ? 1917
79%
Quelle est la capitale de l'Albanie ? Tirana
79%
Quel est le pays d'origine de l'ancienne juge d'Instruction parisienne et députée européenne Eva Joly ? voir drapeau Norvège
68%
De quel pays Álvaro Uribe Vélez a-t-il été le président de la République de 2002 à 2010 ? Colombie
58%
Dans les années 1960 de quel groupe de rock Eddy Mitchell était-il le chanteur ? 3 mots Les chaussettes noires
50%
Vase sacré dans lequel est consacré le vin lors de la messe calice
47%
Comment appelle-t-on la zone du littoral comprise entre la plus haute mer et la plus basse mer ? estran
16%
Aucun quiz correspondant
Distribution des résultats
% des personnes avec chaque résultat
Percentile par nombre de réponses
Votre historique - résultats
Vous n’avez pas pris ce quiz